| 000 | 01305cam a2200313 a 4500 | ||
|---|---|---|---|
| 001 | 14807595 | ||
| 003 | OSt | ||
| 005 | 20240530110913.0 | ||
| 008 | 070413s2007 maua b 001 0 eng | ||
| 010 | _a 2007015924 | ||
| 020 | _a9781592532278 (pbk.) | ||
| 020 | _a1592532276 (pbk.) | ||
| 040 |
_aDLC _cDLC _dDLC |
||
| 050 | 0 | 0 |
_aNK2115 _b.G75 2007 |
| 082 | 0 | 4 |
_a747.94 _222 _bG C |
| 100 | 1 | _aGrimley, Chris. | |
| 245 | 1 | 0 |
_aColor, space, and style : _ball the details interior designers need to know but can never find / _cChris Grimley, Mimi Love. |
| 260 |
_aBeverly, Mass. : _bRockport Publishers, _cc2007. |
||
| 300 |
_a287 p. : _bill. ; _c22 cm. |
||
| 504 | _aIncludes bibliographical references and index. | ||
| 650 | 0 |
_aInterior decoration _vHandbooks, manuals, etc. |
|
| 700 | 1 | _aLove, Mimi. | |
| 856 | 4 | 1 |
_3Table of contents only _uhttp://www.loc.gov/catdir/toc/ecip0715/2007015924.html |
| 856 | 4 | 2 |
_3Publisher description _uhttp://www.loc.gov/catdir/enhancements/fy0713/2007015924-d.html |
| 856 | 4 | 2 |
_3Contributor biographical information _uhttp://www.loc.gov/catdir/enhancements/fy0737/2007015924-b.html |
| 906 |
_a7 _bcbc _corignew _d1 _eecip _f20 _gy-gencatlg |
||
| 942 |
_2ddc _cBK |
||
| 999 |
_c66343 _d66343 |
||